000 00487nam a2200157 a 4500
001 23647
005 20180713221736.0
008 140415s1987 000 0 spa d
041 _aspa
082 _a343.04
_bMEX
100 1 _aMEXICO. CODIGOS Y LEYES DE MEXICO
245 1 0 _aLEGISLACION COMPARADA DE JUSTICIA ADMINISTRATIVA
260 _a[s.l.] :
_bDEPARTAMENTO DE LA SECRETARIA DE HACIENDA Y CRE...,
_c1987
300 _a657
650 1 4 _aDERECHO FISCAL
_xLEGISLACION
999 _c23647
_d23647